000 00378nam a2200157Ia 4500
003 OSt
005 20240208115618.0
008 170524s9999 xx 000 0 und d
020 _a8173918244
040 _cIIMT UNIVERSITY
100 _aSingh Percy K.
245 0 _aHOTEL LODGING RESTAURANT AND RESORT MANAGEMENT
260 _bKanishka pub
260 _c2006
942 _2ddc
_c02
999 _c7511
_d7511